000 00930nam a2200313Ia 4500
003 OSt
005 20221007124542.0
006 a|||||r|||| 00| 0
007 ta
008 221006b |||||||| |||| 00| 0 eng d
020 _a9783319039787 (hbk)
024 _a191152
037 _bIN12249, 15/09/2014, Intercontinental Book Agency
_cTextual
040 _aCDL
_cCDL
_beng
041 _2eng
_aeng
082 _aE:21, P2;Q4 Carc
100 _aLi Jie Jack
_9718001
245 0 _aName reactions
250 _a5
260 _aNew
_bYork Springer
_c2014
300 _axxii, 681p.
_ccm.
500 _aIndex 661-681p.
650 _a Alder reaction
_9719568
650 _a Name reactions
_9718002
650 _a Stetter reaction
_9719569
650 _aChemistry
942 _hE:21, P2;Q4 Carc
_cTEXL
_2CC
999 _c1213716
_d1213716